| 000 | 004910000a22001810004500 | ||
|---|---|---|---|
| 003 | MACL | ||
| 005 | 20150816112941.0 | ||
| 008 | 150816b xxu||||| |||| 00| 0 eng d | ||
| 040 |
_aMACL _cMACL |
||
| 041 | _aEnglish | ||
| 082 | _a411 | ||
| 100 |
_aRabindra Bhavana Collection _95808 |
||
| 245 |
_aRabindra Bhavana Collection _bCatalogue-in-progress |
||
| 260 |
_bRabindra Bhavana Collection _c1983 |
||
| 350 | _a12 | ||
| 650 |
_aLibrary & Information Sciences _95809 |
||
| 942 |
_cBK _k411 _2ddc |
||
| 999 |
_c5946 _d5946 |
||